Normal view MARC view
  • Zabalza, Miguel Ángel

Entry Nombre Personal

Number of records used in: 19

001 - NUMERO DE CONTROL

  • campo de control: 29512

003 - IDENTIFICADOR DE NUMERO DE CONTROL

  • campo de control: DLC

005 - FECHA Y HORA DE LA ÜLTIMA TRANSACCIÓN

  • campo de control: 20221013134955.0

008 - DATOS DE LONGITUD FIJA

  • campo de control de longitud fija: 221013n| azannaabn |a aaa c

010 ## - NÚMERO DE CONTROL DE LA BIBLIOTECA DEL CONGRESO

  • Número de control LC: no2003035629
  • Número de Control LC Cancelado/inválido: ns2013003268

035 ## - NUMERO DE CONTROL

  • Número de control: (OCoLC)oca06020797

040 ## - FUENTE DE CATALOGACIÓN

  • Agencia original de catalogación: MX-SlUA
  • Lenguaje de catalogación: eng
  • Description conventions: rda
  • Agencia de transcripción: MX-SlUA
  • Agencia que lo modifica: PE-LiPUB
  • Agencia que lo modifica: DLC
  • Agencia que lo modifica: MX-MxUPN

100 1# - ENCABEZAMIENTO - NOMBRE PERSONAL

  • Nombre personal: Zabalza, Miguel Ángel

372 ## - CAMPO DE ACTIVIDAD

  • Field of activity: Psicología
  • Fuente del término: lcsh

372 ## - CAMPO DE ACTIVIDAD

  • Field of activity: Formación del profesorado

373 ## - GRUPO ASOCIADO

  • Associated group: Universidade de Santiago de Compostela
  • Fuente del término: naf

374 ## - OCUPACIÓN

  • Occupation: Profesor universitario
  • Fuente del término: lcsh

374 ## - OCUPACIÓN

  • Occupation: Psicólogo

375 ## - GÉNERO

  • Gender: masculino

377 ## - LENGUA ASOCIADA

  • Language code: spa

400 1# - VEÁSE - NOMBRE DE PERSONA

  • Personal name: Zabalza Beraza, Miguel Ángel

400 1# - VEÁSE - NOMBRE DE PERSONA

  • Personal name: Beraza, Miguel Ángel Zabalza

400 1# - VEÁSE - NOMBRE DE PERSONA

  • Personal name: Zabalza Beraza, Miguel A.
  • Fuller form of name: (Miguel Ángel)

670 ## - FUENTE EN LA QUE SE LOCALIZARON DATOS

  • Cita de la fuente: Diseño y desarrollo curricular, 2000:
  • Información localizada: portada (Miguel Ángel Zabalza)

670 ## - FUENTE EN LA QUE SE LOCALIZARON DATOS

  • Cita de la fuente: Diarios de clase : un instrumento de investigación y desarrollo profesional, 2004:
  • Información localizada: portada (Miguel Ángel Zabalza) cubierta posterior (Miguel Ángel Zabalza Beraza es Catedrático de Didáctica y Organización Escolar de la Universidad de Santiago de Compostela; es Doctor en Psicología y ha orientado buena parte de sus trabajos al análisis y desarrollo de la docencia y a la formación del profesorado, impartiendo cursos de forma habitual en España y en países de Latinoamérica)

670 ## - FUENTE EN LA QUE SE LOCALIZARON DATOS

  • Cita de la fuente: Profesores y profesión docente, 2012:
  • Información localizada: portada (Miguel A. Zabalza Beraza)

902 ## - CATALOGADOR

  • Catalogador: NDAF/131022